Things That Are Purple Quiz Stats

Quiz Updated Jul 5, 2014

Challenge
Share
Tweet
Score 0/20 Timer 04:00
4 Plays Today
% Correct
Grapes
97.6%
Barney
92.8%
Eggplant
92.1%
Willy Wonka
90.8%
Cabbage
89%
Purple Heart
80.7%
Plums
80.5%
Tinky Winky
73.8%
Daphne
69%
Cheshire Cat
66.9%
% Correct
Minnesota Vikings
60.2%
Sea Urchin
56.5%
Lavender
56.1%
Amethyst
53.1%
African Violet
45.6%
Iris
44.8%
Harold's Purple Crayon
42.7%
Natasha Fatale
42%
Grape Ape
38.6%
Purple Tang
26%

You're not logged in!

Compare scores with friends on all Sporcle quizzes.
Sign Up with Email
OR
Log In

You Might Also Like...

Show Comments

Extras

Top Quizzes Today


Score Distribution

Your Account Isn't Verified!

In order to create a playlist on Sporcle, you need to verify the email address you used during registration. Go to your Sporcle Settings to finish the process.